000 005410000a22001810004500
003 MACL
005 20160315152140.0
008 160315b xxu||||| |||| 00| 0 eng d
040 _aMACL
_cMACL
041 _aHindi
082 _a920
100 _aसस्‍ता साहित्‍य
_946172
245 _aसर्वोदय-योजना
260 _bसस्‍ता साहित्‍य मंडल
_c1953
_aनई दिल्‍ली
350 _a0.50
650 _aBiography
_946174
942 _cHIN
_k920
_2ddc
999 _c23155
_d23155